| 000 | 00679nam a2200229 a 4500 | ||
|---|---|---|---|
| 999 |
_c11248 _d11248 |
||
| 001 | 11248 | ||
| 003 | BD-JhCC | ||
| 005 | 20221107134024.0 | ||
| 008 | 190608b 2016bg |||| ||a| 000 0 ben d | ||
| 020 | _a9789849174127 | ||
| 035 | _a(BD-JhCC)11248 | ||
| 040 |
_aBD-JhCC _dBD-JhCC |
||
| 041 | _aben | ||
| 082 |
_a510 _bSHA 2016 |
||
| 100 | _aসাহা, সৌমেন | ||
| 245 |
_aকুইক ম্যাথ / _cসৌমেন সাহা । |
||
| 260 |
_aঢাকা: _bঅনুপম প্রকাশনী; _c২০১৬. |
||
| 300 |
_a২২২ পৃ. : _c২২ সেমি. |
||
| 650 | _aMathematics | ||
| 942 |
_2ddc _cBK _08 |
||